00390nam a2200133 i 4500001000700000003000900007007000300016008004100019020001800060100002500078245009000103260003100193852003200224100895ES-MaACLt|051006s1986 fr ||||1| fre d a2-7116-0905-71 aMatheron, Alexandre.10aAnthropologie et politique au XVIIe siècle b: études sur Spinoza /cA. Matheron. aParis : bJ. Vrin, c1986. aES-MaACLjG-2923 bR.113801